000 00956nas a2200289 4500
001 BR2016002120
003 BR-BrBNA
005 20231205130341.0
007 ta
008 230509b bl.|||p| |||| 00| 00por d
040 _aBR-BrBNA
_bpor
_cBiblioteca Nacional de Agricultura
041 _a(Pt)
072 _aQ04
100 1 _aCampos, L.F.C.
100 1 _aPeixoto, J.V.M.
100 1 _aOliveira, R.M. de
100 1 _aSeleguini, A.
100 1 _aNascimento, A. dos R.
245 1 _aPropriedades físico-químicas de frutos de jurubeba de três regiões do cerrado
650 _aJURUBEBA
650 _aPROPRIEDADE FÍSICO-QUÍMICA
650 _aMORFOLOGIA VEGETAL
773 0 _tRevista de Agricultura Neotropical (Brazil)
_xISSN 2358-6303
_g(Oct-Dec 2015), v. 2(4) p. 48-54
_wBR2016002120
856 4 0 _uhttp://periodicosonline.uems.br/index.php/agrineo/article/view/740
909 _a202311
_bLúcia
_c55
_dLúcia Elande
942 _2AGRIS
_n0
_cANA
999 _c248980
_d248980